Регионална библиотека "Любен Каравелов" - Русе

Последна спирка Русе (Запис номер 456231)

MARC детайли
000 -Лидер
Контролно поле с фиксирана дължина 01094nam a2200289 a 4500
003 - Код на организацията, давaща контролен номер
Контролно поле BLK
005 - Дата и час на последна редакция
Контролно поле 20250715085603.0
008 - Елементи от данни с фиксирана дължина
fixed length control field 180411b bul|||||r ||||||| ||bul||
020 ## - Международен стандартен номер на книга ISBN
Международен стандартен номер на книга ISBN 9786190209775
040 ## - Източник на каталожния запис
Идентификатор на билиотеката - собственик на записа BLK
041 ## - Код за език
Код за езика на текст/звукозапис или на отделно заглавие Български
Код за езика КДБФ Български
080 ## - УДК
Текстов определител УДК Френска литература
УДК код - определител по УДК 821.133.1
УДК определител -31
УДК - код + определител 821.133.1-31
100 ## - Редна дума - Автор
Автор Ноло, Ерик
Авторска отговорност първи автор
R(LIN) 474581
139 ## - Редно поле
Редна дума Ноло, Ерик
Авторски знак Нои - Н 88
240 ## - Унифицирано заглавие
Унифицирано заглавие Ruse
245 10 - Сведения за заглавието
Заглавие Последна спирка Русе
Редно поле (дума) Ерик Ноло; прев. от фр. Красимир Кавалджиев.
257 ## - Страна на издаване
Страна на създаване/издаване България
260 ## - Област на издателските данни
Място на издаване, разпространение и проч. София
Име на издателя, разпространителя и проч. Колибри
Година на издаване 2022
Печатница София : Инвестпрес
9 (RLIN) 209486
Издателство - префикс ISBN 978-619-02- ; 978-619-150- ; 978-954-150- ; 978-954-529-
300 ## - Физическа характеристика
Страници 155 с.
Размери/Мащаб 20 см
380 ## - Жанр
Жанр Худож. лит.
490 ## - СЕРИИ (Колекции)
9 (RLIN) 203127
Име на серия Съвременни трилъри
700 ## - Други автори (авторска отговорност)
Лично име Кавалджиев, Красимир Стефанов
Автороска отговорност (Описва отношението между автора и произведението) прев. от фр.
9 (RLIN) 268820
852 ## - Местоположение
Форматна сигнатура Цб 313913
Фондова буква Хранилище
999 ## - СИСТЕМНИ КОНТРОЛНИ НОМЕРА
Koha biblionumber 456231
Koha biblioitemnumber 456231
942 ## - АРТИКУЛИ
Вид на библиотечния материал Книги
Скрит в OPAC Не
Периодичен библиозапис Да
Koha issues (borrowed), all copies 43
944 ## - СЪЗДАВАНЕ И РЕДАКЦИЯ на ЗАПИСА
Служител, извършил регистрацията/редакцията 30576
Статус, дата на статуса Цветомила Тодорова
999 ## - СИСТЕМНИ КОНТРОЛНИ НОМЕРА
Koha biblioitemnumber 456231
Наличности
Код за отписване Код за изгубен артикул Източник на класификационната схема Код за повреда Коз за рестрикции Код за отдаване Артикулен № Име на библиотеката - собственик Име на библиотеката, в която се намира в момента Статус (Текущо местоположение) Дата на вписване в системата Местоположение - отдел Цена в лева Систематично азбучна сигнатура Баркод Цена в евро Служебен тип на артикула
  Не е изгубен Universal Decimal Classification Не е повреден без рестрикции заемане за дома 884969 Регионална библиотека "Любен Каравелов" Русе Регионална библиотека "Любен Каравелов" Русе Заемна - подръчен фонд 2022-05-18 Заемна - подръчен фонд 11.20 821-31/Н 88 Е 120000872701 5.73 Книги
  Не е изгубен Universal Decimal Classification Не е повреден само за читалня ползва се в читалня 884970 Регионална библиотека "Любен Каравелов" Русе Регионална библиотека "Любен Каравелов" Русе Краезнание 2022-05-18 Краезнание 11.20 К 821-31/Н 88 Е 120000872700 5.73 Книги
  Не е изгубен Universal Decimal Classification Не е повреден без рестрикции заемане за дома 884971 Регионална библиотека "Любен Каравелов" Русе Регионална библиотека "Любен Каравелов" Русе Заемна - подръчен фонд 2022-05-18 Заемна - подръчен фонд 11.20 821-31/Н 88 Е 120000872702 5.73 Книги
  Не е изгубен Universal Decimal Classification Не е повреден само за читалня ползва се в читалня 903381 Регионална библиотека "Любен Каравелов" Русе Регионална библиотека "Любен Каравелов" Русе Хранилище 2022-09-08 Хранилище 16.00 Цб 313913 120000876028 8.18 Книги
Vip Innovations Ltd, Rousse, Bulgaria 2025